• 首页
  • 本馆介绍
  • 公告通知
  • 最新文献
  • 馆藏检索
  • 电子资源
  • 读者导购
  • 参考咨询
  • 我的图书馆
  • 登录
  • 详细信息显示
  • 放入我的书架
  • 预约/预借图书
  • 作者相关作品
  • 分类相关作品
  • 丛书相关作品
  • 出版社相关作品

书目信息

  • 表格格式
  • 工作单格式
  • 卡片格式
题名:
外国艺术歌曲
    
 
作者: 蒋英 编
分册:   舒曼歌曲选
出版信息: 北京   人民音乐出版社  2000
页数: 120页
开本: 30cm
丛书名:
单 册:
中图分类: J652.5(516) , J652.5
科图分类:
主题词: 歌曲--德国--近代--选集 , CT--S025229--歌曲 , 歌曲--外国--选集
电子资源:
ISBN: 7-103-02155-4
000 00800nam0 2200253 45
001 012001025525
005 20070806094322.96
010    @a7-103-02155-4@dCNY15.60
100    @a20010429d2000 em y0chiy0110 ea
101 1  @achi@cger
102    @aCN@b110000
105    @ag z 000yd
200 1  @a外国艺术歌曲@9wai guo yi shu ge qu@i舒曼歌曲选@f蒋英等编
210    @a北京@c人民音乐出版社@d2000@h2001
215    @a120页@d30cm
330    @a本书是艺术歌曲系列之一。它选收了世界著名德国作曲家舒曼的声乐作品39首。本书附钢琴伴奏、原文及译配的中文歌词。
606 0  @a歌曲@y德国@z近代@j选集
606 0  @2CT@3S025229@a歌曲
606 0  @a歌曲@y外国@j选集
690    @aJ652.5(516)@v4
690    @aJ652.5@v4
701  0 @a蒋英@9jiang ying@4编
801  0 @aCN@bNLC@c20070806
905    @a10447@dJ652.5@e428
    
    外国艺术歌曲.舒曼歌曲选/蒋英等编.-北京:人民音乐出版社,2000(2001)
    120页;30cm
    
    
    ISBN 7-103-02155-4:CNY15.60
    本书是艺术歌曲系列之一。它选收了世界著名德国作曲家舒曼的声乐作品39首。本书附钢琴伴奏、原文及译配的中文歌词。
●
相关链接 在E读中查询图书 在五车中查询图书 在当当中查询图书 在豆瓣中查询图书


正题名:外国艺术歌曲     索取号:J652.5/428         预约/预借

序号 登录号 条形码 馆藏地/架位号 状态 备注
1 0807279   208072798   第一样本阅览室/ [索取号:J652.5/428] 在馆    
唐山师范学院图书馆 欢迎您!
大连网信软件有限公司© 版权所有